Les prédiscours. Sens, mémoire, cognition

Zapisane w:
Opis bibliograficzny
1. autor: Paveau, Marie Anne (auteur)
Format: Książka
Język:francuski
Wydane: París Presses Sorbonne Nouvelle 2006
Hasła przedmiotowe:
Etykiety: Dodaj etykietę
Nie ma etykietki, Dołącz pierwszą etykiete!

MARC

LEADER 00000nam a2200000 a 4500
001 UCI2841
003 CL-VaPUC
008 070928e20060000FR |||||||||||||||||fre|d
020 |a 2878543513 
082 0 4 |a 401.41  |b PAV  |2 21 
100 |a Paveau, Marie Anne  |e auteur  |9 524030 
245 1 4 |a Les prédiscours. Sens, mémoire, cognition 
300 |a 250 p 
942 |c BK 
945 |d 20070928 00:00:00  |a rbrito 
260 |a París  |b Presses Sorbonne Nouvelle  |c 2006 
650 0 |a Análisis del discurso  |9 256696 
650 0 |a Lingüística  |9 265068 
650 0 |a Discursos   |9 265028 
650 0 |a Semiótica  |9 265317 
583 |a last modification  |c 20181016 01:05:07  |k Rodrigo Vera 
999 |c 327263  |d 327261 
952 |0 0  |1 0  |4 0  |6 401_410000000000000_PAV_2006  |7 0  |8 A  |9 409834  |a FDOPOS  |b FDOPOS  |d 2019-11-22  |i 4375025  |o 401.41 PAV 2006  |p 4375025  |r 2025-01-22  |w 2019-11-22  |y BK  |k MLA